000 00798nam a2200265 a 4500
001 BRL_595
005 20190320210820.0
008 220715s1976----au-a######---#000-0#eng-#
020 _a3201009717
041 _aeng
044 _aau
050 4 _aNK8862
_b.W45 1976
100 1 _aWeitlaner-Johnson, Irmgard
_924386
245 1 0 _aDesign motifs on Mexican Indian textiles
_cIrmgard Weitlaner-Johnson.
260 _aAustria
_bAkademische Druck- u. Verlagsanstalt
_c1976
300 _a2v.
_bil.
440 0 _aArtes Americanae
_vv.1
_924387
500 _av.1 Au1848, v.2 Au1847
504 _aBibliografía: v. 1, p. 72-77
650 1 4 _aTejido a mano
_924388
650 1 4 _aIndustria textil indígena
_zMéxico
_94675
650 1 4 _aDiseño textil
_zMéxico
_910630
902 _aGRL
942 _2lcc
_cB
999 _c9407
_d9407